<?xml version="1.0" encoding="UTF-8"?>
<record
    xmlns:xsi="http://www.w3.org/2001/XMLSchema-instance"
    xsi:schemaLocation="http://www.loc.gov/MARC21/slim http://www.loc.gov/standards/marcxml/schema/MARC21slim.xsd"
    xmlns="http://www.loc.gov/MARC21/slim">

  <leader>04043nas a22003495i 4500</leader>
  <controlfield tag="001">1936-6450</controlfield>
  <controlfield tag="003">DE-He213</controlfield>
  <controlfield tag="005">20260304140634.0</controlfield>
  <controlfield tag="007">cr nn 008mamaa</controlfield>
  <controlfield tag="008">150723s||||||||xxuuu poo||||||   b|EN |d</controlfield>
  <datafield tag="022" ind1=" " ind2=" ">
    <subfield code="a">1936-6450</subfield>
  </datafield>
  <datafield tag="024" ind1="7" ind2=" ">
    <subfield code="a">10.1007/12083.1936-6450</subfield>
    <subfield code="2">doi</subfield>
  </datafield>
  <datafield tag="210" ind1="1" ind2="0">
    <subfield code="a">Peer-to-Peer Netw. Appl.</subfield>
  </datafield>
  <datafield tag="245" ind1="1" ind2="0">
    <subfield code="a">Peer-to-Peer Networking and Applications</subfield>
    <subfield code="h">[electronic resource] /</subfield>
    <subfield code="c">edited by Xuemin (Sherman) Shen.</subfield>
  </datafield>
  <datafield tag="264" ind1=" " ind2="1">
    <subfield code="a">New York :</subfield>
    <subfield code="b">Springer US :</subfield>
    <subfield code="b">Imprint: Springer.</subfield>
  </datafield>
  <datafield tag="300" ind1=" " ind2=" ">
    <subfield code="b">online resource.</subfield>
  </datafield>
  <datafield tag="520" ind1=" " ind2=" ">
    <subfield code="a">Peer-to-Peer Networking and Applications (P2PNA) has received significant attention from both academia and industry in recent years. The aim of the Peer-to-Peer Networking and Applications journal is to disseminate state-of-the-art research and development results in this rapidly growing research area, to facilitate the deployment of P2P networking and applications, and to bring together the academic and industry communities, with the goal of fostering interaction to promote further research interests and activities, thus enabling new P2P applications and services. The journal not only addresses research topics related to networking and communications theory, but also considers the standardization, economic, and engineering aspects of P2P technologies, and their impacts on software engineering, computer engineering, networked communication, and security. Peer-to-Peer Networking and Applications is committed to the timely publication of high-quality, original papers that advance the cutting-edge research in the area of peer-to-peer networking, services, and applications. The journal serves as a forum for tackling the technical problems arising from both file sharing and media streaming applications. It also includes state-of-the-art technologies in the P2P security domain. Peer-to-Peer Networking and Applications publishes regular papers, tutorials and review papers, case studies, and correspondence from the research, development, and standardization communities. Papers addressing system, application, and service issues are encouraged. The Journal covers all subject areas of peer-to-peer networking and applications including, but not limited to: P2P ad hoc and sensor networks P2P application and services P2P content access and distribution P2P economics P2P enabled technologies P2P file sharing P2P media streaming P2P multicasting and multimedia delivery P2P overlay networks P2P security issues P2P wireless and mobile networks Architectures and protocols Convergence/co-existence of P2P and other networks Data and index structures Modeling, performance and robustness QoS Replication and load-balancing strategies Semantic routing and search It is the policy of the journal that no submission, or substantially overlapping submission, be published or be under review at another journal. Papers extending previously published conference papers are acceptable, as long as the journal submission provides a significant contribution beyond the conference paper, and the overlap is noted clearly at the beginning of the journal submission. If you have any question about whether the overlap with another paper is "substantial," please include in the paper a discussion of the similarities and differences with other papers, including the unique contribution(s) of the PPNA submission.</subfield>
  </datafield>
  <datafield tag="650" ind1=" " ind2="0">
    <subfield code="a">Telecommunication.</subfield>
  </datafield>
  <datafield tag="650" ind1=" " ind2="0">
    <subfield code="a">Computer engineering.</subfield>
  </datafield>
  <datafield tag="650" ind1=" " ind2="0">
    <subfield code="a">Computer networks&#xA0;.</subfield>
  </datafield>
  <datafield tag="650" ind1=" " ind2="0">
    <subfield code="a">Computer networks&#xA0;.</subfield>
  </datafield>
  <datafield tag="650" ind1=" " ind2="0">
    <subfield code="a">Signal processing.</subfield>
  </datafield>
  <datafield tag="650" ind1="1" ind2="4">
    <subfield code="a">Communications Engineering, Networks.</subfield>
  </datafield>
  <datafield tag="650" ind1="2" ind2="4">
    <subfield code="a">Computer Engineering and Networks.</subfield>
  </datafield>
  <datafield tag="650" ind1="2" ind2="4">
    <subfield code="a">Computer Communication Networks.</subfield>
  </datafield>
  <datafield tag="650" ind1="2" ind2="4">
    <subfield code="a">Signal, Speech and Image Processing.</subfield>
  </datafield>
  <datafield tag="700" ind1="1" ind2=" ">
    <subfield code="a">Shen, Xuemin (Sherman).</subfield>
    <subfield code="e">editor.</subfield>
    <subfield code="4">edt</subfield>
    <subfield code="4">http://id.loc.gov/vocabulary/relators/edt</subfield>
    <subfield code="9">24091</subfield>
  </datafield>
  <datafield tag="710" ind1="2" ind2=" ">
    <subfield code="a">SpringerLink (Online service)</subfield>
  </datafield>
  <datafield tag="776" ind1="0" ind2="8">
    <subfield code="i">Printed version: </subfield>
    <subfield code="x">1936-6442</subfield>
  </datafield>
  <datafield tag="856" ind1="4" ind2="0">
    <subfield code="u">https://doi.org/10.1007/12083.1936-6450</subfield>
    <subfield code="z">Open Access</subfield>
  </datafield>
  <datafield tag="999" ind1=" " ind2=" ">
    <subfield code="c">455413</subfield>
    <subfield code="d">455413</subfield>
  </datafield>
</record>
